000 00362nam a2200169Ia 4500
100 _aHolman/J.P
650 _aElectrical Engineering
250 _a6
942 _cBK
654 _aengineers
245 _aExperimental methods for engineers
260 _bMcGraw Hill
_c1994
082 _a620.0078
_bHOL
300 _a616
546 _aENGLISH
999 _c20858
_d20858